| 000 | 01893nam0a2200397 4500 | ||
|---|---|---|---|
| 001 | RU\NLR\BIBL_A\022106612 | ||
| 005 | 20260412094633.0 | ||
| 010 |
_a978-5-6045112-8-2 _9100 |
||
| 035 | _a(NLR Aleph) 022106612 | ||
| 035 | _a(RuMoRGB)012348915 | ||
| 090 |
_a13652901 _c13652901 |
||
| 100 | _a20240111d2023 u y0rusy50 ca | ||
| 101 | 0 | _arus | |
| 102 | _aRU | ||
| 105 | _aac z 000za | ||
| 181 | 0 |
_ai _baxxe |
|
| 182 | 0 | _an | |
| 200 | 1 |
_aОт ТИНРО к ТИНРО _eвоспоминания, [связанные с Тихоокеанским филиалом ВНИРО] _fВалерий Акулин |
|
| 203 |
_aТекст _bвизуальный _cнепосредственный |
||
| 210 |
_aВладивосток _cТИНРО _d2023 |
||
| 215 |
_a176 с. _cил., цв. ил., портр. _d21 |
||
| 600 | 1 |
_aАкулин _bВ. Н. _gВалерий Николаевич _92577754 _3RU\NLR\AUTH\6601734898 |
|
| 601 | 0 | 2 |
_aВсероссийский НИИ рыбного хозяйства и океанографии _bТихоокеанский филиал _cВладивосток, город _xИстория _92704675 _3RU\NLR\AUTH\6601769027 |
| 675 |
_a639.2/.3(571.6)(091) _v4 |
||
| 686 |
_a47.2г(255) _2rubbks |
||
| 686 | 1 | _aП72д(2)Акулин | |
| 686 | 1 | _aЕ6д(2)Акулин | |
| 686 | 1 | _aП72е(2)л2 | |
| 700 | 1 |
_aАкулин _bВ. Н. _gВалерий Николаевич |
|
| 712 | 0 | 2 |
_4570 _aВсероссийский НИИ рыбного хозяйства и океанографии _bТихоокеанский филиал _cВладивосток _9721240 _3RU\NLR\AUTH\880529644 |
| 856 | 4 |
_qapplication/pdf _s[178] с. _uhttp://dlib.rsl.ru/rsl01012000000/rsl01012348000/rsl01012348915/rsl01012348915.pdf _yЧитать |
|
| 942 | _cBOOK | ||
| 980 | _aNB | ||